000 00994cam a2200313 i 4500
001 15728592
003 EG-ScBUE
005 20250522133038.0
008 090507t2009 nyua f b 001 0 eng d
020 _a9780071494496 (alk. paper)
020 _a0071494499 (alk. paper)
035 _a(OCoLC)ocn277205888
040 _aEG-ScBUE
_beng
_erda
_cEG-ScBUE
_dEG-ScBUE
082 0 4 _a535
_222
_bGIB
100 1 _aGibilisco, Stan,
_eauthor.
_912439
245 1 0 _aOptics demystified /
_cStan Gibilisco.
246 3 4 _aOptics demystified :
_ba self-teaching guide
264 1 _aNew York :
_bMcGraw-Hill,
_c[2009]
264 4 _cc2009
300 _aix, 353 pages :
_billustrations ;
_c24 cm.
336 _2rdacontent
_atext
_btxt
337 _aunmediated
_2rdamedia
_bn
338 _avolume
_bnc
_2rdacarrier
490 0 _aDemystified series
504 _aIncludes bibliographical references and index.
650 7 _aOptics
_vPopular works.
_912440
_2BUEsh
655 _vReading book
942 _2ddc
_cBB
999 _c13624
_d13624